| 000 | 00626cam a22001815a 4500 | ||
|---|---|---|---|
| 001 | ##J100650 | ||
| 008 | 000000s1891 000 0 eng u | ||
| 035 | _a(Sirsi) u100650 | ||
| 041 | 0 | _aeng | |
| 050 | 0 | 4 | _a333.0062 $2 18 |
| 110 | 2 |
_aSurveyors' Institution _93783 |
|
| 245 | 0 | 0 | _aSurveyors' Institution accounts 1868-1891 |
| 260 |
_a[S.l.] _b[s.n.] _c1891 |
||
| 300 |
_a1 _fv. _c18cm. |
||
| 520 | _aHandwritten ledger detailing the cash received and paid out by various employees of the Institution. | ||
| 690 | _aABOUT RICS-RICS STRUCTURE AND GOVERNANCE-RICS CORPORATE MANAGEMENT-RICS FINANCIAL MANAGEMENT | ||
| 942 | _n0 | ||
| 999 |
_c99736 _d99736 |
||